Les 10 meilleurs buteurs en Ligue des Champions par édition (2010-20) - Statistiques

Statistiques générales
  • Ce quiz a été pris 123 fois
    122 depuis la dernière actualisation
  • Le résultat moyen est 67 sur 100
Statistiques - réponses
# CLUB BUTS JOUEUR % Correct
7 Real Madrid 6 Cristiano Ronaldo
99%
3 Real Madrid 10 Cristiano Ronaldo
99%
1 Real Madrid 12 Cristiano Ronaldo
99%
1 Real Madrid 17 Cristiano Ronaldo
99%
2 Real Madrid 10 Cristiano Ronaldo
99%
1 Real Madrid 16 Cristiano Ronaldo
99%
1 Real Madrid 12 Cristiano Ronaldo
99%
1 Real Madrid 15 Cristiano Ronaldo
99%
4 Juventus 6 Cristiano Ronaldo
99%
1 FC Barcelone 12 Lionel Messi
99%
1 FC Barcelone 14 Lionel Messi
99%
4 FC Barcelone 8 Lionel Messi
99%
4 FC Barcelone 8 Lionel Messi
99%
1 FC Barcelone 10 Lionel Messi
99%
6 FC Barcelone 6 Lionel Messi
99%
2 FC Barcelone 11 Lionel Messi
99%
10 FC Barcelone 6 Lionel Messi
99%
1 FC Barcelone 12 Lionel Messi
99%
2 Borussia Dortmund 10 Robert Lewandowski
95%
6 Borussia Dortmund 6 Robert Lewandowski
95%
2 Bayern Munich 9 Robert Lewandowski
95%
4 Bayern Munich 8 Robert Lewandowski
95%
2 Bayern Munich 8 Robert Lewandowski
95%
1 Bayern Munich 15 Robert Lewandowski
95%
6 AS Monaco 6 Kylian Mbappé
93%
9 PSG 5 Kylian Mbappé
93%
7 Tottenham 7 Harry Kane
92%
7 Tottenham 6 Harry Kane
92%
5 Real Madrid 6 Karim Benzema
91%
4 Real Madrid 7 Karim Benzema
91%
9 Real Madrid 5 Karim Benzema
91%
10 Real Madrid 6 Karim Benzema
91%
3 FC Barcelone 10 Neymar Jr
90%
9 PSG 6 Neymar Jr
90%
9 PSG 5 Neymar Jr
90%
5 Manchester City 8 Sergio Agüero
90%
9 Manchester City 6 Sergio Agüero
90%
8 Manchester City 5 Sergio Agüero
90%
3 Manchester City 6 Sergio Agüero
90%
3 PSG 8 Edinson Cavani
88%
8 PSG 7 Edinson Cavani
88%
2 RB Salzbourg / Borussia Dortmund 10 Erling Haaland
88%
2 Liverpool 10 Mohamed Salah
88%
2 PSG 10 Zlatan Ibrahimović
87%
4 Liverpool 10 Sadio Mané
84%
5 Atlético Madrid 7 Antoine Griezmann
83%
7 Atlético Madrid 6 Antoine Griezmann
83%
7 FC Barcelone 7 Luis Suárez
83%
3 FC Barcelone 8 Luis Suárez
83%
10 FC Barcelone 5 Luis Suárez
83%
5 Bayern Munich 8 Thomas Müller
82%
10 Bayern Munich 5 Thomas Müller
82%
6 Bayern Munich 7 Thomas Müller
82%
4 Bayern Munich 8 Thomas Müller
82%
5 Chelsea 6 Didier Drogba
81%
3 Liverpool 10 Roberto Firmino
79%
7 Real Madrid 6 Gareth Bale
69%
10 AS Monaco 5 Radamel Falcao
69%
3 Inter Milan 8 Samuel Eto'o
65%
2 Bayern Munich 8 Mario Gómez
62%
2 Bayern Munich 12 Mario Gómez
62%
8 Juventus 5 Paulo Dybala
61%
3 Bayern Munich 9 Serge Gnabry
61%
5 Borussia Dortmund 7 Pierre-Emerick Aubameyang
60%
3 Atlético Madrid 8 Diego Costa
59%
5 Manchester City 6 Raheem Sterling
59%
6 AS Roma 8 Edin Džeko
56%
10 AS Roma 5 Edin Džeko
56%
8 Arsenal 5 Olivier Giroud
54%
9 SSC Napoli 5 Dries Mertens
51%
6 SSC Napoli 6 Dries Mertens
51%
6 Ajax Amsterdam 6 Dušan Tadić
50%
8 Olympique Lyonnais 6 Memphis Depay
49%
8 Juventus 7 Carlos Tévez
46%
8 Schalke 04 5 Raúl González
44%
5 Séville FC 8 Wissam Ben Yedder
43%
10 PSG 5 Ezequiel Lavezzi
40%
4 Manchester City 6 Gabriel Jesus
38%
5 FC Porto 7 Jackson Martínez
31%
7 TSG Hoffenheim 5 Andrej Kramarić
28%
10 Chelsea 5 Willian
28%
8 Olympique Lyonnais 5 Bafétimbi Gomis
24%
7 Zénith St-Pb 6 Artem Dzyuba
21%
4 Chelsea 7 Nicolas Anelka
20%
6 Chelsea 5 Oscar
20%
10 FC Bâle 5 Alexander Frei
19%
4 Shakhtar Donetsk 9 Luiz Adriano
19%
8 Manchester City 5 Álvaro Negredo
15%
10 Manchester United 4 Javier Hernández
14%
9 Bayer Leverkusen 5 Javier Hernández
14%
6 Valence CF 6 Roberto Soldado
14%
7 Valence CF 5 Roberto Soldado
14%
9 Juventus 5 Arturo Vidal
11%
3 Galatasaray 8 Burak Yilmaz
11%
5 FC Porto 6 Moussa Marega
11%
9 CSKA Moscou 5 Seydou Doumbia
7%
7 Valence CF 5 Jonas
6%
6 Real Madrid 5 José Callejón
6%
9 Shakhtar Donetsk 4 Eduardo
3%
8 SC Braga 5 Alan
2%
Aucun quiz correspondant
Distribution des résultats
% des personnes avec chaque résultat
Percentile par nombre de réponses
Votre historique - résultats
Vous n’avez pas pris ce quiz depuis la dernière actualisation